000 00640nam a2200241Ia 4500
003 OSt
005 20221007071812.0
006 a|||||r|||| 00| 0
007 ta
008 221006b |||||||| |||| 00| 0 eng d
024 _a19,214
037 _cTextual
040 _aFLL
_cFLL
_beng
041 _2eng
_aeng
082 _aZ:91xL30, E1.2
100 _aAustin J. Au.
_9689462
245 0 _aLectures on jurisprudence
260 _aLondon
_bJohn murray albemarle street England
_c1911
300 _a1131p
_ccm.
490 _vVol.2
942 _hZ:91xL30, E1.2
_cTEXL
_2CC
999 _c1144374
_d1144374